000 01254cam a22002655a 4500
001 L145673
002 17555
008 110901s2006 xxkabeof 001 0 eng d
020 _a9781846740022
035 _a(Sirsi) u145673
041 0 _aeng
050 0 4 _a720.9 $2 18
100 1 _aYorke, Trevor
245 0 4 _aThe 1930s house explained
260 _aNewbury
_bCountryside Books
_c2006
300 _a128p.
_bill.
_c21cm.
350 _a7.99
505 2 _aThe history of the 1930s house -- The 1930s house in detail -- Epilogue: The second World War and the aftermath -- Quick reference guide -- Dating houses -- Bibliography -- Places to visit -- Glossary -- Index
520 _aPresents the 1930s house and the Art Deco architecture style associated with it. Relates the history of the period, as it had an impact on how houses were built. Describes the different rooms, gardens and garages and their fittings. Provides illustrations, diagrams and photographs. Contains a quick reference guide, notes on how to date houses, a glossary of unfamiliar terms, and places to visit.
521 _aAdvanced
590 _aKA
651 4 _aEngland and Wales
_y1543-
690 _aBUILT ENVIRONMENT-CONSTRUCTION DESIGN-ARCHITECTURAL DESIGN
942 _n0
999 _c108853
_d108853